| 000 | 00925nam a22002537i 4500 | ||
|---|---|---|---|
| 001 | IT\ICCU\SBL\0546336 | ||
| 003 | ItRI | ||
| 005 | 20260115232341.0 | ||
| 008 | 910930s1966 it |||||| ||||| |||||c | ||
| 015 |
_2IT _a668834 |
||
| 040 |
_bita _cimportazione bologna sebina |
||
| 041 | 7 |
_aita _2ISO-639-2 |
|
| 082 |
_a823.91 _9NARRATIVA IN LINGUA INGLESE. SEC. 20 _216 |
||
| 100 | 1 |
_aHughes, Richard, _d (1900-1976) _0IT\ICCU\RAVV\014703 _4aut |
|
| 240 | 1 | 4 |
_aThe human predicament. 1.: The fox in the attic _3IT\ICCU\SBL\0251343 _9Hughes, Richard <1900-1976> |
| 245 | 1 | 3 |
_aLa volpe nella soffitta / _cRichard Hughes. |
| 260 |
_aMilano : _bRizzoli, _c1966 |
||
| 300 |
_a419 p. ; _c21 cm |
||
| 500 | _aTrad. E. Negro. | ||
| 700 | 1 |
_aNegro, Ester _0IT\ICCU\RAVV\079970 |
|
| 790 | 1 |
_aHughes, Richard Arthur Warren _3IT\ICCU\URBV\179814 _zHughes, Richard (1900-1976) |
|
| 830 | 0 |
_aJolly _0IT\ICCU\SBL\0066602 |
|
| 942 |
_2ddc _cBK _n0 |
||
| 999 |
_c20949 _d20949 |
||